| 000 | 01227cam a2200397 i 4500 | ||
|---|---|---|---|
| 001 | 17870910 | ||
| 003 | NUST | ||
| 005 | 20211101092516.0 | ||
| 008 | 130830s2013 pk b 000 0 eng | ||
| 010 | _a 2013359043 | ||
| 020 | _a9789695571170 | ||
| 025 | _aP-E-2013359043; 41 | ||
| 037 |
_bLibrary of Congress -- Islamabad Overseas Office _cRs 575 |
||
| 038 | _awaseem | ||
| 040 |
_aDLC _beng _cDLC _erda |
||
| 041 | 0 |
_aeng _aara |
|
| 042 |
_alcode _apcc |
||
| 050 | 0 | 0 |
_aKBP40.2 _b.N93 2013 |
| 082 |
_a340.59 _bNYA |
||
| 100 | 1 |
_aNyazee, Imran Ahsan Khan. _ecompiler. _9613 |
|
| 245 | 1 | 0 |
_aIslamic legal maxims / _cImran Ahsan Khan Nyazee. |
| 250 | _aFirst edition. | ||
| 264 | 1 |
_aIslamabad : _bAdvanced legal Studies Institute, _c2013. |
|
| 300 |
_a341 pages ; _c24 cm |
||
| 336 |
_atext _2rdacontent |
||
| 337 |
_aunmediated _2rdamedia |
||
| 338 |
_avolume _2rdacarrier |
||
| 504 | _aIncludes bibliographical references (page 331). | ||
| 546 | _aSome in Arabic. | ||
| 563 | _aPBK. | ||
| 650 | 0 |
_aLegal maxims (Islamic law) _983561 |
|
| 655 | 7 |
_aLegal maxims _2lcgft _983562 |
|
| 906 |
_a7 _bcbc _corigode _d2 _encip _f20 _gy-gencatlg |
||
| 942 |
_2ddc _cBK |
||
| 999 |
_c586624 _d586624 |
||